000 00250nam a22001097a 4500
082 _a823
_bBHA/R
100 _aBHANOT, T R
245 _aRAMAYANA-3, AYODHYA
246 _aRAMAYANA-3, AYODHYA
_bRAMAYANA-3, AYODHYA
650 _aENGLISH STORY
942 _cBK
999 _c8788
_d8788